Sermones del Padre Carlos Frey de Neuville, predicador de Luis XV. Rey de Francia

Detalles Bibliográficos
Formato: Libro
Publicado: Madrid 1823
Edición:4a. ed.
Materias:
Colección:Banco de datos
Acervo:Biblioteca del Ex Convento de Nuestra Señora de Guadalupe. Zacatecas
Descripción Física:t. II
Tema general:Homilética
Notas:Buena. XI,5,5(3595). La guarda anterior presenta dos ex libris de fray Alfonso Ma. Olaez: uno manuscrito y el otro impreso en sello seco
LEADER 00846nam a22002050004500
035 |a 42587 
036 |a 3771 
245 1 0 |a Sermones del Padre Carlos Frey de Neuville, predicador de Luis XV. Rey de Francia  |c tr. Juan Antonio Pellicer 
250 |a 4a. ed. 
260 |a Madrid  |b Imp. de Fuentenebro  |c 1823 
300 |a t. II 
500 |a Buena. XI,5,5(3595). La guarda anterior presenta dos ex libris de fray Alfonso Ma. Olaez: uno manuscrito y el otro impreso en sello seco 
650 1 0 |a Homilética 
949 |a CRZ-CG 
959 |a Ex convento de Nuestra Señora de Guadalupe, Museo Regional de Zacatecas, Zacatecas  |b CCC4 
960 |a Convento de Nuestra Señora de Guadalupe, Zacatecas  |b DD87 
961 |a Franciscana  |b OF 
942 |c CRZ-CG 
943 |g Biblioteca del Ex Convento de Nuestra Señora de Guadalupe. Zacatecas 
999 |c 966714  |d 966714